000 00972nam a2200301Ia 4500
001 Para_966
003 CHAP
008 220125s1946 xx 000 0 und d
010 _a199703
040 _cCHAP
090 _aPA TESIS 932
100 _aFlores Caceres, Silverio
_941472
245 _aCultivos de citricos en Campeche :
_b Plagas y enfermedades dominantes del estado /
_c por Silverio Flores Caceres
260 _aChapingo, Méx. :
_b El autor
300 _a100 h.
502 _aTesis (Ing. Agr. Esp. en Parasitología Agrícola). ENA. Depto. Parasitología
650 _aCitricos
_x Campeche
_924409
650 _aCitricos
_x enfermedades
_924423
650 _aCitricos
_x Plagas
_924458
710 _aENA. Departamento Parasitología Agrícola
_9164684
901 _aPA TESIS 932
902 _aA
905 _a0000001946 a 0000000000 00
910 _a1946
942 _cPARA
942 _cPARA
_d1
999 _c199703
_d199703